000 00407nam a2200145Ia 4500
008 230917s9999||||xx |||||||||||||| ||und||
040 _e51763
_aMAIN
041 _aEnglish
082 _aB E68D:A
100 _aEinstein, Albert
245 0 _aAlbert Einstein: The human side:New glimpses from his archives
260 _aPrinceton
_bPrinceton University Press
_c1979
300 _aviii, 167 p.
942 _cBK
999 _c202426
_d202426